Statistiken für Länder, die an Österreich grenzen

Klicken Sie hier um das Quiz zu spielen!

Allgemein

  • Dieses Quiz wurde 2,127 mal gespielt
  • Das Durchschnittsergebnis liegt bei 8 aus 8

Antwortstatistiken

Länge (in km) Land % Korrekt
784Deutschland
100%
164Schweiz
99%
430Italien
98%
362Tschechien
98%
35Liechtenstein
96%
366Ungarn
96%
330Slowenien
95%
91Slowakei
92%

Verteilung der Resultate

Perzentil nach korrekt beantworteten Fragen

Anzahl Personen mit jedem Resultat

Ihre Resultats-Entwicklung

Sie haben dieses Quiz noch nicht gespielt